<?xml version="1.0" encoding="UTF-8"?>
<record
    xmlns:xsi="http://www.w3.org/2001/XMLSchema-instance"
    xsi:schemaLocation="http://www.loc.gov/MARC21/slim http://www.loc.gov/standards/marcxml/schema/MARC21slim.xsd"
    xmlns="http://www.loc.gov/MARC21/slim">

  <leader>00523nam a22001817a 4500</leader>
  <controlfield tag="005">20250916114043.0</controlfield>
  <controlfield tag="008">250916b        |||||||| |||| 00| 0 eng d</controlfield>
  <datafield tag="020" ind1=" " ind2=" ">
    <subfield code="a">9798887153377</subfield>
  </datafield>
  <datafield tag="050" ind1=" " ind2=" ">
    <subfield code="a">TG 305 .B55 2024</subfield>
    <subfield code="b">C.1</subfield>
  </datafield>
  <datafield tag="100" ind1=" " ind2=" ">
    <subfield code="a">Billington, Flint N.</subfield>
  </datafield>
  <datafield tag="245" ind1=" " ind2=" ">
    <subfield code="a">Bridge Engineering</subfield>
  </datafield>
  <datafield tag="250" ind1=" " ind2=" ">
    <subfield code="a">First Edition</subfield>
  </datafield>
  <datafield tag="260" ind1=" " ind2=" ">
    <subfield code="a">Dublin, OH</subfield>
    <subfield code="b">Oryson Press</subfield>
    <subfield code="c">2024</subfield>
  </datafield>
  <datafield tag="300" ind1=" " ind2=" ">
    <subfield code="a">xi, 278p.:ill.</subfield>
  </datafield>
  <datafield tag="500" ind1=" " ind2=" ">
    <subfield code="a">Includes index</subfield>
  </datafield>
  <datafield tag="650" ind1=" " ind2=" ">
    <subfield code="a">1. Bridges - Design and Construction. 2. Structural engineering.</subfield>
  </datafield>
  <datafield tag="942" ind1=" " ind2=" ">
    <subfield code="2">lcc</subfield>
    <subfield code="c">BK</subfield>
  </datafield>
  <datafield tag="999" ind1=" " ind2=" ">
    <subfield code="c">216103</subfield>
    <subfield code="d">216103</subfield>
  </datafield>
  <datafield tag="952" ind1=" " ind2=" ">
    <subfield code="0">0</subfield>
    <subfield code="1">0</subfield>
    <subfield code="2">lcc</subfield>
    <subfield code="4">0</subfield>
    <subfield code="6">TG0305 B55  02024</subfield>
    <subfield code="7">0</subfield>
    <subfield code="8">SCT</subfield>
    <subfield code="9">373082</subfield>
    <subfield code="a">KSUL</subfield>
    <subfield code="b">KSUL</subfield>
    <subfield code="d">2025-09-16</subfield>
    <subfield code="i">109605</subfield>
    <subfield code="l">0</subfield>
    <subfield code="o">TG 305 .B55 2024</subfield>
    <subfield code="p">000000024753</subfield>
    <subfield code="r">2025-09-16 09:55:00</subfield>
    <subfield code="t">C.1</subfield>
    <subfield code="w">2025-09-16</subfield>
    <subfield code="y">BK</subfield>
  </datafield>
  <datafield tag="952" ind1=" " ind2=" ">
    <subfield code="0">0</subfield>
    <subfield code="1">0</subfield>
    <subfield code="2">lcc</subfield>
    <subfield code="4">0</subfield>
    <subfield code="6">TG0305 B55  02024</subfield>
    <subfield code="7">0</subfield>
    <subfield code="8">SCT</subfield>
    <subfield code="9">373083</subfield>
    <subfield code="a">KSUL</subfield>
    <subfield code="b">KSUL</subfield>
    <subfield code="d">2025-09-16</subfield>
    <subfield code="i">109606</subfield>
    <subfield code="l">0</subfield>
    <subfield code="o">TG 305 .B55 2024</subfield>
    <subfield code="p">000000024752</subfield>
    <subfield code="r">2025-09-16 09:55:00</subfield>
    <subfield code="t">C.2</subfield>
    <subfield code="w">2025-09-16</subfield>
    <subfield code="y">BK</subfield>
  </datafield>
  <datafield tag="952" ind1=" " ind2=" ">
    <subfield code="0">0</subfield>
    <subfield code="1">0</subfield>
    <subfield code="2">lcc</subfield>
    <subfield code="4">0</subfield>
    <subfield code="6">TG0305 B55  02024</subfield>
    <subfield code="7">0</subfield>
    <subfield code="8">SCT</subfield>
    <subfield code="9">373084</subfield>
    <subfield code="a">KSUL</subfield>
    <subfield code="b">KSUL</subfield>
    <subfield code="d">2025-09-16</subfield>
    <subfield code="i">109607</subfield>
    <subfield code="l">0</subfield>
    <subfield code="o">TG 305 .B55 2024</subfield>
    <subfield code="p">000000024751</subfield>
    <subfield code="r">2025-09-16 09:55:00</subfield>
    <subfield code="t">C.3</subfield>
    <subfield code="w">2025-09-16</subfield>
    <subfield code="y">BK</subfield>
  </datafield>
  <datafield tag="952" ind1=" " ind2=" ">
    <subfield code="0">0</subfield>
    <subfield code="1">0</subfield>
    <subfield code="2">lcc</subfield>
    <subfield code="4">0</subfield>
    <subfield code="6">TG0305 B55  02024</subfield>
    <subfield code="7">0</subfield>
    <subfield code="8">SCT</subfield>
    <subfield code="9">373085</subfield>
    <subfield code="a">KSUL</subfield>
    <subfield code="b">KSUL</subfield>
    <subfield code="d">2025-09-16</subfield>
    <subfield code="i">109608</subfield>
    <subfield code="l">0</subfield>
    <subfield code="o">TG 305 .B55 2024</subfield>
    <subfield code="p">000000024750</subfield>
    <subfield code="r">2025-09-16 09:55:00</subfield>
    <subfield code="t">C.4</subfield>
    <subfield code="w">2025-09-16</subfield>
    <subfield code="y">BK</subfield>
  </datafield>
</record>
